Technology : Mongols on horseback, planes without jets, and a plant that grows gas

Uloženo v:
Podrobná bibliografie
Médium: Kniha
Jazyk:Undetermined
Vydáno: [London] Gould Inc
Témata:
Tagy: Přidat tag
Žádné tagy, Buďte první, kdo otaguje tento záznam!
Thư viện lưu trữ: Trung tâm Học liệu Trường Đại học Cần Thơ
LEADER 00485nam a2200169Ia 4500
001 CTU_77392
008 210402s9999 xx 000 0 und d
082 |a 338.4 
082 |b T255 
245 0 |a Technology : 
245 0 |b Mongols on horseback, planes without jets, and a plant that grows gas 
245 0 |c Gould Inc 
260 |a [London] 
260 |b Gould Inc 
650 |a Technology transfer 
904 |i Trọng Hải 
980 |a Trung tâm Học liệu Trường Đại học Cần Thơ